Riconosci il Pokémon - Quiz n°452 - Statistics

Statistiche generali
  • Questo quiz è stato fatto 1 volte
  • Il punteggio medio è 2 su 10
Statistiche sulle risposte
Indizio Risposta % Corretto
Tipo Psico
100%
Generazione Seconda
100%
Altezza 1,3 m
0%
Peso 28,5 kg
0%
Tasso di cattura 45 (11.9%)
0%
Sesso 50% ♂, 50% ♀
0%
Tasso di allevamento Medio-Veloce
0%
Abilità Pedinombra; Telepatia
0%
Stadio evoluzione Prima evoluzione
0%
Pokémon Wobbuffet
0%
Nessun quiz corrispondente trovato
Distribuzione punteggi
Percentuale di utenti per punteggio
Percentile per numero di risposta
I tuoi punteggi nel tempo
Non hai fatto questo quiz